Welcome to CU Library Online Public Access Catalogue (OPAC)

Development economics : (Record no. 5589)

MARC details
000 -LEADER
fixed length control field 00737cam a2200217 i 4500
001 - CONTROL NUMBER
control field 17751834
005 - DATE AND TIME OF LATEST TRANSACTION
control field 20250428181758.0
008 - FIXED-LENGTH DATA ELEMENTS--GENERAL INFORMATION
fixed length control field 130524t20142014nju 001 0 eng
020 ## - INTERNATIONAL STANDARD BOOK NUMBER
International Standard Book Number 9780470599396 (pbk. : alk. paper)
050 00 - LIBRARY OF CONGRESS CALL NUMBER
Classification number HD77
Item number .S33 2014
082 00 - DEWEY DECIMAL CLASSIFICATION NUMBER
Classification number 338.9
Edition information 23
100 1# - MAIN ENTRY--PERSONAL NAME
Personal name Schaffner, Julie.
245 10 - TITLE STATEMENT
Title Development economics :
Remainder of title theory, empirical research, and policy analysis /
Statement of responsibility, etc. Julie Schaffner, Tufts University.
260 ## - PUBLICATION, DISTRIBUTION, ETC.
Place of publication, distribution, etc. New Jersey
Name of publisher, distributor, etc. John Wiley & Sons Inc.
Date of publication, distribution, etc. 2014
300 ## - PHYSICAL DESCRIPTION
Extent xxiv, 664 pages ;
Dimensions 26 cm
500 ## - GENERAL NOTE
General note Includes index.
650 #0 - SUBJECT ADDED ENTRY--TOPICAL TERM
Topical term or geographic name entry element Economic development.
650 #0 - SUBJECT ADDED ENTRY--TOPICAL TERM
Topical term or geographic name entry element Economic policy.
650 #7 - SUBJECT ADDED ENTRY--TOPICAL TERM
Topical term or geographic name entry element BUSINESS & ECONOMICS / Development / Economic Development.
Source of heading or term bisacsh
942 ## - ADDED ENTRY ELEMENTS (KOHA)
Source of classification or shelving scheme Library of Congress Classification
Koha item type Books
Suppress in OPAC No
999 ## -
-- 5589
-- 5589
Holdings
Withdrawn status Lost status Source of classification or shelving scheme Damaged status Not for loan Collection Home library Current library Shelving location Date acquired Total checkouts Full call number Barcode Date last seen Copy number Price effective from Koha item type
    Library of Congress Classification     Non-fiction Business Library (Miotso) Business Library (Miotso) General stacks 04/28/2025   HD77 .S33 2014 BSSM00002137 04/28/2025 1 04/28/2025 Books
    Library of Congress Classification     Non-fiction Business Library (Miotso) Business Library (Miotso) General stacks 04/28/2025   HD77 .S33 2014 BSSM00002138 04/28/2025 2 04/28/2025 Books
    Library of Congress Classification     Non-fiction Business Library (Miotso) Business Library (Miotso) General stacks 04/28/2025   HD77 .S33 2014 BSSM00002139 04/28/2025 3 04/28/2025 Books
    Library of Congress Classification     Non-fiction Business Library (Miotso) Business Library (Miotso) General stacks 04/28/2025   HD77 .S33 2014 BSSM00002140 04/28/2025 4 04/28/2025 Books
    Library of Congress Classification     Non-fiction Business Library (Miotso) Business Library (Miotso) General stacks 04/28/2025   HD77 .S33 2014 BSSM00002141 04/28/2025 5 04/28/2025 Books
© 2023-2024 Copyright: Central University Libraries. All Rights Reserved | Created by: Mahone Tech Office